000 00346nam a22001337a 4500
082 _a297.122
_bKAR/Q
100 _aKARAKUNNU, MUHAMMED SHAIKH
100 _aELAYAVOOR, VANIDAS
245 _aQURAN MALAYALA BHASANTHARAM
250 _aFIRST EDITION
260 _aKOZHIKODE
_bISLAMIC PUBLISHING HOUSE
_c2011
650 _aRELIGIOUS
_zINDIA
942 _cBK
999 _c5073
_d5073